000
00276nam a2200109Ia 4500
008
220204s9999 xx 000 0 und d
082
_a
82-3
_b
JOH
100
_a
Johns, W E
245
0
_a
Biggles and the black raider
260
_a
London
_b
Hodder and Stoughton
_c
1970
942
_c
BK
999
_c
32215
_d
32215